Great world atlas

Bibliographic Details
Main Author: George, Philip
Corporate Author: George, Philip & son
Format: Book
Published: UK : Philip's , 2005
Subjects:

MARC

LEADER 00000cam a2200000 7i4500
001 0000030619
005 20110216.0
008 110216
020 |a 0540086045 
090 0 0 |a 912   |b GEO 
100 1 |a George, Philip 
110 1 |a George, Philip & son 
245 1 0 |a Great world atlas   |c Philip George 
260 |a UK :   |b Philip's ,   |c 2005 
650 0 |a Atlases, British   |x maps 
740 0 |a Great world atlas 
999 |a 0001081152   |b Book   |c REFERENCE   |e Perbadanan Perpustakaan Awam Johor